00646nam a2200253Ia 4500008004100000040001200041082001800053082001500071100002000086245004000106260002400146260000900170300001200179300000600191300001400197530001700211563001000228600002000238630004000258650002100298650001300319700002000332730004000352160321s9999||||xx |||||||||||||| ||und|| cEnglish aXI.E/Tripathi bBORI-44282 aDr.S.M.Tripathi aPsycho-analytic Concept of Religion bAjanta Publications c1979 axiv+516 cB ePaperback u00090689.pdf astudy aDr.S.M.Tripathi aPsycho-analytic Concept of Religion aGeneral Indology aReligion aDr.S.M.Tripathi aPsycho-analytic Concept of Religion